000 01009cam a22003017a 4500
001 16116540
003 OSt
005 20180116192416.0
008 100303s2010 sz ae 000 0 eng
010 _a 2010923932
020 _a9783034601566 (hd.bd.)
020 _a3034601565 (hd.bd.)
028 5 2 _a12104826
040 _aDLC
_cDLC
_dDLC
050 0 0 _aNA2542.8
_b.R93 2010
082 0 0 _a720.4
_222
100 1 _aRyan, Zoe.
_96589
245 1 0 _aBuilding with water :
_bconcepts, typology, design /
_cZoe Ryan ; [editor: Ria Stein].
260 _aBasel :
_bBirkhäuser,
_c2010.
300 _a160 p. :
_bill. (chiefly col.), plans ;
_c31 cm.
500 _aIncludes index.
650 0 _aWater and architecture.
_96590
650 0 _aArchitecture, Modern
_y21st century.
_96591
906 _a7
_bcbc
_corigres
_d2
_encip
_f20
_gy-gencatlg
942 _2ddc
_cBK
999 _c353714
_d353714